000 00350nam a2200133Ia 4500
005 20260328104305.0
008 260328s9999||||xx |||||||||||||| ||und||
100 _aRobinson, Hazel
245 0 _aEl Príncipe de St. Katherine /
_cHazel Robinson
260 _bUniversidad Nacional de Colombia
300 _a113 p.
650 _aCOLOMBIA
942 _cBK
999 _c10718
_d10718